00547cam a22002171 4500001001300000003000400013005001700017008004100034010001700075025002000092035002000112040002100132050001500153100003300168245004500201260001100246300001800257500001600275650002100291999001700312sa 63003239 DLC20260227111940.0940714s1962 ii 000 0 maro  asa 63003239  aPL480:I-Mar-124 a(OCoLC)30762867 aDLCcCUdCUdDLC00aZ244b.D381 aDevalkuḷe, Va. Ga.,d1913-10aChāpakhānā kasā kāḍhāvā. c[1962] a40 p.c22 cm. aIn Marathi. 0aPrintingzIndia. c54975d54975